| 000 | 00438nam a2200157 4500 | ||
|---|---|---|---|
| 001 | 107610 | ||
| 003 | ES-MaACL | ||
| 007 | t| | ||
| 008 | 061121s1949 it r ||||1| ita d | ||
| 100 | 1 |
_aMosca, Giovanni. _983738 |
|
| 245 | 1 | 0 |
_aNon é ver che sia la morte _b: romanzo con accompagnamento / _cMosca. |
| 250 | _a6ª. ed. | ||
| 260 |
_aMilano : _bRizzoli, _c1949. |
||
| 300 |
_a307 p. ; _c19 cm. |
||
| 852 |
_aES-MaACL _jB-7569 _bR.28712 |
||
| 999 |
_c107610 _d107610 |
||